Renata Mrázová: "Recept proti vyhoření? Nemít práci jako jedinou prioritu v životě".
Rozhovor s Renatou Mrázovou, riaditeľkou ING Poisťovne, členkou prezídia Českej asociácie poisťovní a mentorkou programu Equilibrum Britskej obchodnej komory, o skúsenostiach a zladení kariéry s osobným životom.
Saved in:
| Main Author: | |
|---|---|
| Other Authors: | |
| Format: | Book Chapter |
| Language: | Czech |
| Subjects: | |
| Tags: |
No Tags, Be the first to tag this record!
|
MARC
| LEADER | 00000naa a2200000 4500 | ||
|---|---|---|---|
| 001 | 0144586 | ||
| 005 | 20230912101145.7 | ||
| 041 | 0 | |a cze | |
| 044 | |a SK | ||
| 245 | 1 | 0 | |a Renata Mrázová: "Recept proti vyhoření? Nemít práci jako jedinou prioritu v životě". |c Alena Králíková, Renata Mrázová |
| 520 | |a Rozhovor s Renatou Mrázovou, riaditeľkou ING Poisťovne, členkou prezídia Českej asociácie poisťovní a mentorkou programu Equilibrum Britskej obchodnej komory, o skúsenostiach a zladení kariéry s osobným životom. | ||
| 610 | 2 | 0 | |a manažéri |
| 610 | 2 | 0 | |a riaditelia |
| 610 | 2 | 0 | |a riadenie vrcholové |
| 610 | 2 | 0 | |a nástroje riadenia |
| 610 | 2 | 0 | |a metódy riadenia |
| 610 | 2 | 0 | |a vedenie ľudí |
| 610 | 2 | 0 | |a komunikácia manažérska |
| 100 | 1 | |a Králíková, Alena | |
| 700 | 1 | |a Mrázová, Renata | |